000
00336nam a2200133Ia 4500
008
130318s9999 xx 000 0 und d
020
_a
9788120313521
082
_a
515.352 ARN/O
100
_a
Arnold, V.I
245
_a
Ordinary differential equations
260
_b
PHI Learning
_a
New Delhi
_c
2009
300
_a
280
650
_a
MATHEMATICS
999
_c
1595
_d
1595